000
00321nam a2200145Ia 4500
999
_c
5817
_d
5817
003
OSt
008
191201s2013 xx 000 0 und d
100
_a
SUBRAMANIAN, K
245
0
_a
Flow in Open Channels
250
_a
Rep
260
_a
N. delhi
_b
TMH
_c
2013
300
_a
548
650
_a
B.Tech(CE)
942
_2
ddc
_c
BK
_0
1